书目信息 |
| 题名: |
经济法原论
|
|
| 作者: | 吕忠梅 著 | |
| 分册: | ||
| 出版信息: | 北京 法律出版社 2007.01 |
|
| 页数: | 543页 | |
| 开本: | 20cm | |
| 丛书名: | ||
| 单 册: | ||
| 中图分类: | D912.290.1 | |
| 科图分类: | ||
| 主题词: | 法学--部门 | |
| 电子资源: | ||
| ISBN: | 978-7-5036-6768-8 | |
| 000 | 00574nam0 2200193 450 | |
| 001 | 1041605194 | |
| 005 | 20100607113507.85 | |
| 010 | @a978-7-5036-6768-8@dCNY45.00 | |
| 100 | @a20100607d2007 km y0chiy0120 ea | |
| 101 | 0 | @achi |
| 102 | @aCN@b110000 | |
| 200 | 1 | @a经济法原论@Ajing ji fa yuan lun@f吕忠梅等著@Flu zhong mei deng zhu |
| 210 | @a北京@c法律出版社@d2007.01 | |
| 215 | @a543页@d20cm | |
| 606 | 0 | @a法学@x部门 |
| 690 | @aD912.290.1@v4 | |
| 701 | 0 | @a吕忠梅@Alu zhong mei@4著 |
| 801 | 0 | @aCN@b大连网信软件有限公司图书馆·11@c20100607 |
| 905 | @aZUCC@dD912.290.1@eL903 | |
| 经济法原论/吕忠梅等著.-北京:法律出版社,2007.01 |
| 543页;20cm |
| ISBN 978-7-5036-6768-8:CNY45.00 |
| ● |
| 相关链接 |
|
|
|
正题名:经济法原论
索取号:D912.290.1/L903
 
预约/预借
| 序号 | 登录号 | 条形码 | 馆藏地/架位号 | 状态 | 备注 |
| 1 | 470125 | 204701251 | 社科库509/509社科库 81排2列5层/ [索取号:D912.290.1/L903] | 在馆 |